Old School Hip-Hop Artists By Album - Statistics

General Stats
  • This quiz has been taken 424 times
    408 since last reset
  • The average score is 15 of 25
Answer Stats
Album Artist % Correct
All Eyez On Me 2Pac
98%
Marshall Mathers LP Eminem
95%
Doggystyle Snoop Dogg
95%
Straight Outta Compton N.W.A
91%
Ready To Die The Notorious B.I.G
90%
Illmatic Nas
88%
2001 Dr. Dre
81%
Enter the __ ____ Wu Tang Clan
72%
Reasonable Doubt Jay Z
68%
ATLiens Outkast
66%
The Infamous Mobb Deep
63%
Madvillainy MF DOOM
61%
The Miseducation of ______ ____ Lauryn Hill
58%
Paid In Full Eric B & Rakim
55%
The Low End Theory A Tribe Called Quest
53%
It Takes A Nation Of Millions To Hold Us Back Public Enemy
50%
Liquid Swords GZA
48%
Only Built 4 Cuban Linx Raekwon
42%
Lifestylez Of Da Poor & Dangerous Big L
40%
Capital Punishment Big Pun
38%
Black On Both Sides Mos Def
38%
Ironman Ghostface Killah
36%
Moment Of Truth Gang Starr
33%
Doe Or Die AZ
17%
Criminal Minded Boogie Down Productions
17%
No matching quizzes found
Score Distribution
Percent of People with Each Score
Percentile by Number Answered
Your Score History
You have not taken this quiz since the last reset